000 00793nam a22002297a 4500
003 UA-OsUOA
001 64194
007 ta
008 20091102b un ||||| |||| 00| 0 ukr d
100 _aКовалева И.Ф.
090 _a94(477)
_bК56
942 _cBK
040 _aUA-OsUOA
_brus
_cUA-OsUOA
_dUA-OsUOA
245 _aОчерки древнейшей истории племен степной Украины (по материалам Днепропетровской экспедиции НКПроса УССР 1927-1932 гг.)
_bУчебн. пос.
300 _a70 с.
955 _a2
041 _arus
080 _a94(477)
260 _aДніпропетровськ
_c1980
650 7 _a9 Географія. Біографії. Історія
_2UDC
999 _c350221
_d350221